000 00692nam a2200241Ia 4500
003 OSt
005 20220928112746.0
006 a|||||r|||| 00| 0
007 ta
008 220927b |||||||| |||| 00| 0 eng d
024 _a121961
037 _bGift, 21/02/2014,
_cTextual
040 _aSDCL
_cSDCL
_beng
041 _2eng
_aeng
082 _aD6,8(B289E), Q0
100 _aFrye Curtis D
_9429721
245 0 _aMicrosoft excel 2010 plain & simple
260 _aNew Delhi
_bPHI Learning Private Limited
_c2010
300 _av;303p
_ccm.
650 _aGift
_9391569
942 _hD6,8(B289E), Q0
_cTEXL
_2CC
999 _c746203
_d746203